Sortez de l'Europe à l'aveugle #1 (certains pays tuent) - Statistiques

Statistiques générales
  • Ce quiz a été pris 127 fois
  • Le résultat moyen est 5 sur 12
Statistiques - réponses
Hint Réponse % Correct
a - Vous vous trouvez dans un pays qui a pour hymne national : Wilhelmus van Nassouwe (« Guillaume de Nassau ») Pays-Bas
100%
b - Il faut vous rendre maintenant dans un pays voisin qui comptait 11 825 551 habitants début 2025 (wikipédia) Belgique
88%
c - Dirigez-vous désormais dans un pays limitrophe qui a une superficie totale de 672 051 km2 (wikipédia) France
70%
d - Allez ensuite dans un pays frontalier sans littoral qui a une longue tradition de neutralité politique et militaire et n'a rejoint l'Organisation des Nations unies (ONU) qu'en 2002 Suisse
70%
e - Rendez-vous dans le pays voisin dont le point culminant est le Grossglockner, qui s'élève à 3 798 m Autriche
60%
f - Pas tombé dans le piège, c'est reparti direction un pays limitrophe qui a comme régions notamment la Carniole, la Basse-Styrie et le Prekmurje Slovénie
18%
g - Encore en vie, allez dans le pays voisin qui a comme grandes villes notamment Rijeka et Osijek Croatie
16%
h - Ensuite, prenez la direction du pays frontalier qui a comme monnaie le mark convertible Bosnie-Herzégovine
13%
i - Poursuivez en vous rendant dans le pays voisin qui est le plus étendu et le plus peuplé des États issus de la Yougoslavie Serbie
13%
j - ça peut se compliquer Mesdames Messieurs, allez dans le pays frontalier qui a parmi ses plus grandes villes (hors capitale) notamment Kumanovo, Bitola et Prilep Macédoine du Nord
6%
k - La sortie n'est plus très loin. Allez chez le voisin qui a pour devise Syedinenieto pravi silata, « L'union fait la force » Bulgarie
4%
l - La sortie de l'Europe se trouve dans un seul pays limitrophe de la réponse précédente Turquie
3%
Aucun quiz correspondant
Distribution des résultats
% des personnes avec chaque résultat
Percentile par nombre de réponses
Votre historique - résultats
Vous n’avez pas pris ce quiz